01451nam a2200313Ia 4500001001200000003000800012006001900020007001500039008004100054010001700095020001500112040002100127035002000148050002500168082002200193110010200215245027000317260005600587300002400643504005100667533015200718650003300870650002300903655002900926700002200955710001700977856012600994999001701120ebr10038769CaPaEBRm u cr cn|||||||||000627s2000 dcua sb 001 0 eng c z 00056115  z0309070287 aCaPaEBRcCaPaEBR a(OCoLC)5564141314aRC313.A2bI55 2000eb04a614.5/42/09732212 aInstitute of Medicine (U.S.).bCommittee on the Elimination of Tuberculosis in the United States.10aEnding neglecth[electronic resource] :bthe elimination of tuberculosis in the United States /cLawrence Geiter, editor ; Committee on the Elimination of Tuberculosis in the United States, Division of Health Promotion and Disease Prevention, Institute of Medicine. aWashington, D.C. :bNational Academy Press,cc2000. axvi, 269 p. :bill. aIncludes bibliographical references and index. aElectronic reproduction.bPalo Alto, Calif. :cebrary,d2013.nAvailable via World Wide Web.nAccess may be limited to ebrary affiliated libraries. 0aTuberculosiszUnited States. 0aInternal medicine. 7aElectronic books.2local1 aGeiter, Lawrence.2 aebrary, Inc.40uhttp://site.ebrary.com/lib/rucke/Doc?id=10038769zAn electronic book accessible through the World Wide Web; click to view c57619d57619